000 00837nmm a2200253 a 4500
001 ocm000700817
003 TR-IsHL
005 20201028135041.0
008 131203s1987 tu tur
007 cr cn
035 _a700817
_b(N$T)
050 0 4 _aBP180
_b.Y39 1987
090 0 4 _aBP180
_b.Y39 1987
100 1 _aYazgan, Turan
245 1 0 _aSosyal güvenlik açısından zekat
_h[electronic resource] /
_cTuran Yazgan
260 _aİstanbul :
_bTürk Dünyası Araştırmaları Vakfı Yayınları,
_c1987
300 _a80 p.
650 4 _aFelsefe, Psikoloji ve Din
650 4 _aPhilosophy, Psychology and Religion
650 0 _aZekat
650 0 _aZakat
650 7 _aRELIGION / Islam / Rituals & Practice
_2bisacsh
856 4 0 _uhttp://search.ebscohost.com/login.aspx?direct=true&scope=site&db=e011xww&AN=700817
999 _c6532
_d6532